[Event "Rishon Le Ziyyon YM"]
[Site "Rishon Le Ziyyon"]
[Date "1995.??.??"]
[Round "9"]
[White "Shmuter, Leonid"]
[Black "Finkel, Alexander"]
[Result "1/2-1/2"]
[WhiteElo "2480"]
[BlackElo "2505"]

1.e4 g6 2.d4 Bg7 3.Nc3 c6 4.h4 h5 5.Nf3 d5 6.e5 Bg4 7.Be2 Nh6 8.Bf4 e6 9.Qd2 Nf5
10.Bg5 Qa5 11.b4 Qxb4 12.Rb1 Qa5 13.Rxb7 Bxf3 14.gxf3 O-O 15.O-O a6 16.f4 c5
17.dxc5 Nc6 18.Rfb1 Rac8 19.Bd3 Ncd4 20.Kg2 Rxc5 21.R1b4 Nc6 22.Na4 Rb5 23.Bxb5 Qxb4
24.Qxb4 Nxb4 25.Bf1 Nxc2 26.Bxa6 Ra8 27.Nc5 Bf8 28.Nd7 Be7 29.Nf6+ Kg7 30.Bb5 Ncd4
31.a4 Nxb5 32.axb5 d4 33.b6 d3 34.Rd7 Rb8 35.b7 d2 36.Rxd2 Rxb7 37.Ra2 Rb8
38.Ra7 Bxf6 39.Bxf6+ Kg8 40.Rd7 Re8 41.Kf3 Rc8 42.Ke4  1/2-1/2

[Event "Rishon Le Ziyyon YM-IM"]
[Site "Rishon Le Ziyyon"]
[Date "1995.??.??"]
[Round "9"]
[White "Gershon, Alik"]
[Black "Kanstler, Boris"]
[Result "0-1"]
[WhiteElo "2340"]
[BlackElo "2430"]

1.e4 g6 2.d4 Bg7 3.Nc3 c6 4.f4 d5 5.e5 Nh6 6.Be2 f6 7.Nf3 Bg4 8.Be3 Nf5 9.Bf2 O-O
10.O-O e6 11.Qd3 Nd7 12.Nd2 Bxe2 13.Nxe2 fxe5 14.fxe5 c5 15.Nf4 Qb6 16.dxc5 Qc6
17.c4 Nxe5 18.Qb3 Ng4 19.cxd5 exd5 20.Nxd5 Kh8 21.Ne4 Nxf2 22.Nxf2 Nd4  0-1

[Event "ROM-chT"]
[Site "ROM"]
[Date "1995.??.??"]
[Round "?"]
[White "Cosma, Elena Luminita"]
[Black "Sheremetieva, Marina"]
[Result "1-0"]
[WhiteElo "2330"]
[BlackElo "2310"]

1.e4 c6 2.d4 g6 3.Nc3 Bg7 4.f4 d5 5.e5 h5 6.Nf3 Bg4 7.h3 Bxf3 8.Qxf3 e6 9.Bd3 h4
10.O-O Nh6 11.Ne2 Nd7 12.b3 Bf8 13.Be3 Be7 14.c4 Kf8 15.Kh2 a6 16.a4 Kg7
17.Rg1 Rh7 18.f5 Nxf5 19.Bxf5 exf5 20.cxd5 cxd5 21.Nf4 Bg5 22.Nxd5 Rc8 23.Rac1 Rh5
24.Rxc8 Qxc8 25.Rc1 Qd8 26.Kh1 Bxe3 27.Nxe3 Qb6 28.Qd5 Nf8 29.Qd6 Qxd6 30.exd6 f4
31.Ng4 Rd5 32.Rc7 Ne6 33.Ne5 Rxd6 34.Rxf7+ Kg8 35.Rf6 g5 36.d5 Rxd5 37.Rxe6 Rd1+
38.Kh2  1-0

[Event "RUS Army-ch"]
[Site "RUS"]
[Date "1995.??.??"]
[Round "?"]
[White "Totsky, Leonid"]
[Black "Komliakov, Viktor"]
[Result "1/2-1/2"]
[WhiteElo "2455"]
[BlackElo "2535"]

1.e4 g6 2.d4 Bg7 3.Nc3 c6 4.Nf3 d6 5.Bc4 Nf6 6.Bb3 O-O 7.O-O Na6 8.h3 c5
9.e5 Ne8 10.Bg5 h6 11.Bh4 dxe5 12.dxe5 Qxd1 13.Raxd1 g5 14.Bg3 Nec7 15.Nd5 Nxd5
16.Bxd5 Nc7 17.Be4 Be6 18.b3 Rab8 19.c4 b5 20.cxb5 Nxb5 21.Rc1 Rfc8 22.Rfd1 Na3
23.Bd5 c4 24.bxc4 Nxc4 25.Bxe6 fxe6 26.Rd7 Kf7 27.Rxa7 Nd2 28.Re1 Nxf3+ 29.gxf3 Ra8
30.Rxa8 Rxa8 31.Re2 Ra4 32.Kg2 Kg6 33.Bh2  1/2-1/2

[Event "San Martin"]
[Site "San Martin"]
[Date "1995.??.??"]
[Round "3"]
[White "Ginzburg, Maximiliano"]
[Black "Spangenberg, Hugo"]
[Result "0-1"]
[WhiteElo "2450"]
[BlackElo "2500"]

1.e4 g6 2.d4 Bg7 3.Nc3 c6 4.Bc4 d5 5.exd5 b5 6.Bb3 b4 7.Nce2 cxd5 8.a3 bxa3
9.Rxa3 Nf6 10.Nf3 O-O 11.O-O Bg4 12.Ne5 Bxe2 13.Qxe2 Qb6 14.Be3 e6 15.Rfa1 Nfd7
16.f4 Rc8 17.Qf3 Bf8 18.Ra5 Nxe5 19.fxe5 Nc6 20.Ra6 Qb7 21.Qe2 Rc7 22.h4 Rac8
23.R6a4 Qb6 24.h5 Nb4 25.c3 Nc6 26.Bd1 a5 27.R1a2 Rb7 28.Bc2 Qd8 29.Bd3 Rcb8
30.Qg4 Qe8 31.Bc1 Bg7 32.Ra1 Rb6 33.R4a2 R8b7 34.Bc2 Qf8 35.Qh4 Qe7 36.Bg5 Qc7
37.Qf2 Rxb2 38.Bc1 Rxa2 39.Rxa2 Ne7 40.Qf3 gxh5 41.Ba3 Qc4 42.Ra1 Ng6 43.Bd6 Qb5
44.Qxh5 Qb6 45.Qd1 Bf8 46.Bxf8 Kxf8 47.Qc1 Qd8 48.Ra2 Kg7 49.g3 h6 50.Kg2 Ra7
51.Bxg6 fxg6 52.Rf2 a4 53.Qc2 a3 54.Rf6 Qe8 55.Qa2 Ra6 56.Kh3 Kh7 57.Kg4 Ra7
58.Kh3 Qc6 59.Qb1 Rg7 60.Rf8 Qb7 61.Qa2 Qa7 62.Rf6 Qa6 63.Rf8 Ra7 64.Rf6 Qb5
65.Qf2 Qd7 66.Qa2 Qe8 67.Kh4 Kg7 68.Kh3 Kg8 69.Kh4 Kh7 70.Kh3 h5 71.g4 Kg8
72.gxh5 gxh5 73.Kh4 Qb5 74.Rxe6 Rg7 75.Rf6 Qd7 76.Qe2 a2 77.Ra6 Rg4+ 78.Kxh5 Qf5+  0-1

[Event "San Martin"]
[Site "San Martin"]
[Date "1995.??.??"]
[Round "7"]
[White "Garbarino, Rodolfo"]
[Black "Nogueiras, Jesus"]
[Result "1/2-1/2"]
[WhiteElo "2420"]
[BlackElo "2550"]

1.e4 g6 2.d4 Bg7 3.Nc3 c6 4.Nf3 d6 5.Bc4 Nf6 6.e5 dxe5 7.Nxe5 O-O 8.O-O Nbd7
9.Bg5 Nb6 10.Bb3 Nfd5 11.Nxd5 cxd5 12.Bh4 Be6 13.Qe2 a5 14.a4 Nc8 15.c3 Qb6
16.Ra3 Re8 17.Qf3 Nd6 18.Bxd5 Bxd5 19.Qxd5 Qxb2 20.Rb3 Qa2 21.Rfb1 Bxe5 22.dxe5 Nf5
23.Qe4 Qd2 24.e6 f6 25.Bg3 Rad8 26.Bc7 Rd5 27.h3 Rc5 28.Bf4  1/2-1/2

[Event "San Salvador zt"]
[Site "San Salvador"]
[Date "1995.??.??"]
[Round "?"]
[White "Espinosa, Rafael"]
[Black "Zapata, Alonso"]
[Result "1-0"]
[WhiteElo "2420"]
[BlackElo "2530"]

1.e4 g6 2.d4 Bg7 3.Nc3 c6 4.Nf3 d5 5.h3 Nf6 6.Bd3 dxe4 7.Nxe4 Nbd7 8.O-O O-O
9.Nxf6+ Nxf6 10.c3 Re8 11.Re1 Qd6 12.Bg5 Be6 13.Qd2 c5 14.Bf4 Qb6 15.Ng5 Bd5
16.c4 h6 17.dxc5 Qxc5 18.Be3 Qd6 19.cxd5 hxg5 20.Bc4 Rac8 21.Rac1 g4 22.Bf4 Qb6
23.hxg4 Nxg4 24.Qe2 Bd4 25.Bg3 Nf6 26.Bb3 Bc5 27.Be5 Red8 28.d6 Bxf2+ 29.Qxf2 Qxf2+
30.Kxf2 Ng4+ 31.Ke2 Rxc1 32.Rxc1 Nxe5 33.dxe7 Re8 34.Rc7 Nc6 35.Rxb7 Rxe7+
36.Rxe7 Nxe7 37.Kd3 Nf5 38.Bd5 Kf8 39.b4 Ke7 40.a4 Nd6 41.Kd4 f6 42.Kc5 Kd7
43.b5 Kc7 44.a5 Nf5 45.Be4 Ne7 46.b6+ axb6+ 47.axb6+ Kb8 48.Kd6 Nc8+ 49.Kc6 f5
50.Bd5 f4 51.Be4 g5 52.b7 Ne7+ 53.Kd6 Ng8 54.Ke5 Nh6 55.Kf6 g4 56.Kg5 f3
57.Kxh6  1-0

[Event "Schmiden op"]
[Site "Schmiden"]
[Date "1995.??.??"]
[Round "7"]
[White "Vuckovic, Aleksandar"]
[Black "Martynov, Pavel"]
[Result "1/2-1/2"]
[WhiteElo "2265"]
[BlackElo "2420"]

1.e4 g6 2.d4 Bg7 3.Nc3 c6 4.Bc4 b5 5.Bb3 b4 6.Qf3 Nf6 7.e5 bxc3 8.exf6 Bxf6
9.Qxc3 Qb6 10.Be3 O-O 11.Nf3 Ba6 12.h4 c5 13.O-O-O c4 14.Ba4 Nc6 15.Bxc6 Qxc6
16.h5 Rab8 17.hxg6 fxg6 18.Bf4 Rb5 19.Be5 d6 20.Bxf6 exf6 21.Rde1 Rb7 22.Re6 Rd7
23.Rhe1 Bc8 24.d5 Qxd5 25.Rxf6 Rdf7 26.Rxf7 Qxf7 27.Re3 Bb7 28.Qd4 Qf4 29.Qxa7 Bxf3
30.gxf3 h5 31.Kd1 h4 32.Qd7 Rf7 33.Qe6 Kg7 34.Ke2 Qd4 35.c3 Qb6 36.Qxc4 Qxb2+
37.Kf1 h3 38.Qd4+ Kh7 39.Qh4+ Kg7 40.Qxh3 Qb5+ 41.Kg2 Rf5 42.Re4 Qa5 43.Qg3 Qxc3
44.Re6 Rf6 45.Rxd6 Rxd6 46.Qxd6 Qa5 47.Qd4+ Kh7 48.a4 Qg5+ 49.Qg4 Qd5 50.Qf4 Kg7
51.Qc7+ Kh6 52.a5 Qg5+ 53.Kh1 Qf5 54.Qc1+ Kh7 55.Qc3 Qh5+ 56.Kg2 Qg5+ 57.Kf1 Qb5+
58.Ke1 Qb1+ 59.Kd2 Qa2+ 60.Ke3 Qe6+  1/2-1/2

[Event "Schwaebisch Gmuend op"]
[Site "Schwaebisch Gmuend"]
[Date "1995.??.??"]
[Round "?"]
[White "Suetin, Alexey S"]
[Black "Reschke, Thomas"]
[Result "1-0"]
[WhiteElo "2430"]
[BlackElo "2250"]

1.e4 g6 2.d4 Bg7 3.Nc3 c6 4.Be3 d5 5.Nf3 Nf6 6.e5 Ne4 7.Nxe4 dxe4 8.Ng5 c5
9.dxc5 Qxd1+ 10.Rxd1 Bxe5 11.Bc4 Bxb2 12.Nxf7 O-O 13.O-O Nc6 14.Ng5+ Kg7
15.Nxe4 Ne5 16.Bb3 Ng4 17.Bd4+ Bxd4 18.Rxd4 Bf5 19.Ng5 Rfd8 20.Rfd1 Rxd4
21.Rxd4 Ne5 22.Ne6+ Bxe6 23.Bxe6 Nc6 24.Rd7 Rd8 25.Rxd8 Nxd8 26.Bd5 Kf6 27.c3 Ke5
28.Bf3 Ne6 29.c6 b6 30.h4 Kd6 31.g4 Nd8 32.g5 Nxc6 33.Be4 e5 34.Kg2 Nd8 35.Bc2 Ne6
36.Bb3 a5 37.Kf3 b5 38.a3 Nf4 39.Bg8 Ke7 40.Ke4 Kf8 41.Bb3 Ng2 42.Kxe5 Nxh4
43.Bd5 Ke7 44.Bc6 Nf5 45.Bxb5 h5 46.Bd3  1-0

[Event "Sitges op"]
[Site "Sitges"]
[Date "1995.??.??"]
[Round "5"]
[White "Lacasa, JA."]
[Black "Benet Catala, Antonio"]
[Result "1/2-1/2"]
[WhiteElo "2340"]
[BlackElo "2235"]

1.d4 g6 2.e4 Bg7 3.Nc3 c6 4.Bc4 d6 5.Qf3 e6 6.Nge2 a6 7.Bb3 b5 8.O-O Bb7
9.a4 Ne7 10.axb5 cxb5 11.Bg5 Nd7 12.Qg3 h6 13.Be3 Nf6 14.f3 d5 15.exd5 Nf5
16.Qf2 Nxd5 17.Nxd5 Bxd5 18.Bxd5 Qxd5 19.c3 O-O 20.Bf4 a5 21.Ng3 Nxg3 22.hxg3 Rfc8
23.Qd2 h5 24.Rfd1 a4 25.Kh2  1/2-1/2

[Event "Sitges op"]
[Site "Sitges"]
[Date "1995.??.??"]
[Round "8"]
[White "Marin Ionescu, Luiza"]
[Black "Luetke, Jens"]
[Result "0-1"]
[WhiteElo "2170"]
[BlackElo "2310"]

1.e4 g6 2.d4 Bg7 3.Nc3 c6 4.Be3 d5 5.Qd2 Nf6 6.f3 dxe4 7.Nxe4 Nbd7 8.c4 O-O
9.Be2 Nxe4 10.fxe4 c5 11.d5 Nf6 12.Bf3 Ng4 13.Bxg4 Bxg4 14.h3 Bd7 15.Nf3 b5
16.O-O bxc4 17.Bxc5 Rb8 18.Rab1 Rxb2 19.Qxb2 Bxb2 20.Rxb2 Ba4 21.Rc1 Qc7
22.Rxc4 Rc8 23.Kh1 f6 24.Nd2 Qd7 25.Be3 Rxc4 26.Nxc4 Bb5 27.Na5 g5 28.a4 Bd3
29.Rb7 Qxa4 30.Nc6 Bxe4 31.Nxe7+ Kf8 32.Bc5 Qc4 33.Ng6+ Kg8  0-1

[Event "Sollentuna op"]
[Site "Sollentuna"]
[Date "1995.??.??"]
[Round "2"]
[White "Bakhrakh, Victor"]
[Black "Poley, Vladimir"]
[Result "1-0"]
[WhiteElo "2215"]
[BlackElo "2355"]

1.e4 g6 2.d4 Bg7 3.Nc3 c6 4.Be3 d5 5.f3 h5 6.h4 Nh6 7.Qd2 dxe4 8.fxe4 Ng4
9.Nf3 Nxe3 10.Qxe3 Bg4 11.Bc4 e6 12.e5 Bxf3 13.gxf3 Nd7 14.Ne4 Bf8 15.Qb3 Qa5+
16.c3 O-O-O 17.O-O-O Kb8 18.Kb1 Nb6 19.Ng5 Nxc4 20.Qxc4 Qc7 21.b4 Rd5 22.Rhe1 Be7
23.f4 Rc8 24.Rh1 Bf8 25.Ne4 a5 26.a3 Qb6 27.Nc5 Qd8 28.Qd3 b6 29.c4 bxc5
30.cxd5 cxb4 31.d6 Qb6 32.axb4 axb4 33.Qc4 c5 34.Rc1 Rc6 35.dxc5 Qa5 36.Rh2 Qa1+  1-0

[Event "SWZ-chT"]
[Site "SWZ"]
[Date "1995.??.??"]
[Round "8"]
[White "Glauser, Hansruedi"]
[Black "Gierth, Hans Joachim"]
[Result "1-0"]
[WhiteElo "2290"]
[BlackElo "2175"]

1.e4 c6 2.d4 g6 3.Nc3 Bg7 4.Nf3 d6 5.a4 Nf6 6.Be2 b6 7.O-O O-O 8.h3 Ba6 9.Bf4 Bxe2
10.Qxe2 Ne8 11.Rad1 Nc7 12.Qe3 Re8 13.Bh6 Bh8 14.e5 d5 15.Ne2 Ne6 16.Nf4 Nxf4
17.Qxf4 f6 18.Rfe1 Na6 19.Nh4 fxe5 20.Qg3 Qd6 21.dxe5 Qe6 22.Rd4 Bg7 23.Bxg7 Kxg7
24.Nf3 Nc5 25.Ng5 Qg8 26.e6 Rf8 27.b4 Ne4 28.Nxe4 dxe4 29.Qe5+ Rf6 30.Rexe4 Rd8
31.Rd7 Qe8 32.Qc7 Rc8 33.Rxe7+ Kf8 34.Rxe8+ Rxe8 35.Qxc6  1-0

[Event "Tel Aviv ASA"]
[Site "Tel Aviv"]
[Date "1995.??.??"]
[Round "6"]
[White "Gofshtein, Leonid D"]
[Black "Fauland, Alexander"]
[Result "1/2-1/2"]
[WhiteElo "2465"]
[BlackElo "2445"]

1.e4 g6 2.d4 Bg7 3.Nc3 c6 4.Bc4 d6 5.Qf3 e6 6.Nge2 Nd7 7.Be3 Ngf6 8.Bb3 e5
9.h3 O-O 10.a3 Qe7 11.d5 c5 12.a4 Ne8 13.g4 a6 14.h4 Ndf6 15.Rg1 Qd7 16.a5 Nxg4
17.Na4 Nxe3 18.Nb6  1/2-1/2

[Event "Timisoara op"]
[Site "Timisoara"]
[Date "1995.??.??"]
[Round "5"]
[White "Peptan, Corina"]
[Black "Sarkadi, Laszlo"]
[Result "1/2-1/2"]
[WhiteElo "2295"]
[BlackElo "2010"]

1.e4 g6 2.d4 Bg7 3.Nc3 c6 4.Nf3 d5 5.Bf4 Bg4 6.exd5 cxd5 7.Nb5 Na6 8.h3 Bxf3
9.Qxf3 Nf6 10.Bd3 O-O 11.c3 Qd7 12.O-O Rfc8 13.Rfe1 Nb8 14.Na3 a6 15.Nc2 Nc6
16.Ne3 b5 17.Bg5 Rd8 18.Bxf6 Bxf6 19.Nxd5 Qxd5 20.Be4 Qd6 21.Bxc6 Rac8 22.Bb7 Rc7
23.b4 Rb8 24.Bd5 Rbc8 25.Re3 e5 26.dxe5 Bxe5 27.Rae1 Bxc3 28.Re8+ Kg7 29.Rxc8 Bxe1
30.Rxc7 Qxc7 31.a3 Bd2 32.g3 Bg5 33.Bb7 Qb6 34.Bd5  1/2-1/2

[Event "JUG-chT"]
[Site "Tivat"]
[Date "1995.??.??"]
[Round "2"]
[White "Zakic, Srdjan"]
[Black "Notaros, Krasoje"]
[Result "1/2-1/2"]
[WhiteElo "2345"]
[BlackElo "2370"]

1.e4 g6 2.d4 Bg7 3.Nc3 c6 4.h3 d5 5.Nf3 dxe4 6.Nxe4 Bf5 7.Ng3 Be6 8.c4 b5
9.cxb5 Nf6 10.Be2 O-O 11.a4 cxb5 12.axb5 Qb6 13.O-O a6 14.Bf4 Bd5 15.Bxb8 Rfxb8
16.Rxa6 Rxa6 17.bxa6 Bxf3 18.Bxf3 Qxa6 19.Qc2 Ne8 20.Qc5 Nd6 21.Qc7 Rxb2
22.Qxe7 Bxd4 23.Qd8+ Kg7 24.Nh5+ gxh5 25.Qg5+  1/2-1/2

[Event "JUG-chT (Women)"]
[Site "Tivat"]
[Date "1995.??.??"]
[Round "3"]
[White "Paramentic, Mila"]
[Black "Nikolin, Zorica"]
[Result "0-1"]
[WhiteElo "2095"]
[BlackElo "2235"]

1.e4 g6 2.d4 Bg7 3.Nc3 c6 4.Nf3 b5 5.a3 d6 6.Be2 Nf6 7.h3 O-O 8.Be3 Qc7 9.Qd2 Re8
10.O-O a6 11.Rfe1 e5 12.dxe5 dxe5 13.Rad1 Nfd7 14.Bh6 Bh8 15.Qd6 Qxd6 16.Rxd6 Nc5
17.Red1 Ne6 18.Be3 Bg7 19.Bf1 Bf8 20.R6d2 f6 21.g3 Kf7 22.Bg2 a5 23.Nh4 Na6
24.Nf3 Nac7 25.Ne1 b4 26.axb4 axb4 27.Ne2 Nb5 28.f4 Nbd4 29.fxe5 fxe5 30.Nf3 Nxf3+
31.Bxf3 Be7 32.Bg2 Ba6 33.Nc1 Nd4 34.c3 bxc3 35.bxc3 Nb5 36.Ne2 Red8 37.Rxd8 Rxd8
38.Rxd8 Bxd8 39.Kf2 Ba5 40.Bd2 Nd6 41.Nc1 Bc4 42.Ne2 Nb5 43.Ke1 Bd3 44.Kf2 Bb6+
45.Be3 Bxe3+ 46.Kxe3 Bxe2 47.Kxe2 Nxc3+ 48.Kd3 Nb5 49.Kc4 Ke7 50.Kc5 Kd7
51.Bf1 Nd6 52.Bd3 Kc7 53.Bc2 g5 54.h4 gxh4 55.gxh4 Nb7+ 56.Kc4 Kb6 57.Bd1 Nd6+
58.Kd3 Kc5 59.Bg4 Kb4 60.h5 h6 61.Bd1 c5 62.Bc2 c4+ 63.Kd2 Nb5 64.Bd1 Nd4
65.Bc2 c3+ 66.Kd3 Nxc2 67.Kxc2 Kc4 68.Kc1 Kd3 69.Kd1 Kxe4  0-1

[Event "JUG-chT (Women)"]
[Site "Tivat"]
[Date "1995.??.??"]
[Round "4"]
[White "Vasilevich, Tatjana"]
[Black "Ruchieva, Natalia"]
[Result "1/2-1/2"]
[WhiteElo "2215"]
[BlackElo "2225"]

1.d4 g6 2.e4 Bg7 3.Nc3 c6 4.Nf3 d6 5.a4 Bg4 6.Be2 d5 7.exd5 cxd5 8.Bf4 Nc6
9.Nb5 Rc8 10.c3 a6 11.Na3 Nf6 12.O-O O-O 13.h3 Bxf3 14.Bxf3 e6 15.Re1 Ne8
16.Be2 Nd6 17.Bd3 Na5 18.Qf3 Nac4 19.Nxc4 Nxc4 20.Re2 Re8 21.Qg3 Qd7 22.h4 h5
23.a5 Qd8 24.Bg5 Qc7  1/2-1/2

[Event "JUG-chT"]
[Site "Tivat"]
[Date "1995.??.??"]
[Round "8"]
[White "Vujosevic, Vladimir"]
[Black "Sekulic, Dusan"]
[Result "1-0"]
[WhiteElo "2345"]
[BlackElo "2335"]

1.e4 g6 2.d4 c6 3.Nc3 Bg7 4.Be3 d5 5.f3 Nf6 6.e5 Nfd7 7.f4 b5 8.Bd3 Nb6 9.b3 a5
10.a4 b4 11.Nce2 e6 12.Nf3 Ba6 13.O-O Qc8 14.Rc1 N6d7 15.g4 h5 16.h3 hxg4
17.hxg4 Bxd3 18.cxd3 Qb7 19.Kf2 Na6 20.Rh1 O-O-O 21.f5 Rxh1 22.Qxh1 Rh8 23.Qg2 Kb8
24.f6 Bf8 25.Rh1 Rxh1 26.Qxh1 c5 27.Qh7 c4 28.Nc1 Qc6 29.Qxf7 Nc7 30.dxc4 dxc4
31.bxc4 Qxa4 32.d5 Qc2+ 33.Kg3 Qe4 34.Qxd7 Qxe3 35.d6 Na6 36.Qd8+ Kb7 37.Qxf8 Nc5
38.Qg7+ Ka6 39.Qxg6 Ne4+ 40.Qxe4 Qxe4 41.f7 Qa8 42.Nb3 Qf8 43.Nc5+ Ka7 44.d7 b3
45.Nxe6  1-0

[Event "JUG-chT"]
[Site "Tivat"]
[Date "1995.??.??"]
[Round "8"]
[White "Vukovic, Zdravko"]
[Black "Djuric, Stefan"]
[Result "1-0"]
[WhiteElo "2470"]
[BlackElo "2470"]

1.e4 c6 2.d4 g6 3.Nc3 Bg7 4.Bc4 d6 5.Qf3 e6 6.Nge2 Nf6 7.O-O O-O 8.Bf4 Nh5
9.Be3 Nd7 10.Ng3 Nxg3 11.Qxg3 d5 12.exd5 exd5 13.Bd3 f5 14.Ne2 Nf6 15.Qh4 Qb6
16.a4 Nh5 17.Qe7 a5 18.Ra3 Rf7 19.Qe8+ Bf8 20.Rb3 Qc7 21.Bg5 Nf6 22.Qe3 Ne4
23.Bf4 Qd8 24.f3 Nd6 25.Bg5 Qd7 26.h4 Nc4 27.Qc1 b5 28.Bxc4 dxc4 29.Re3 Bg7
30.c3 Bb7 31.h5 Bf6 32.hxg6 hxg6 33.Bxf6 Rxf6 34.Re5 Re8 35.Qg5 Kf7 36.Nf4 Rf8
37.Rfe1 c5 38.Nxg6 Re8 39.Rxe8  1-0

[Event "JUG-chT"]
[Site "Tivat"]
[Date "1995.??.??"]
[Round "9"]
[White "Govedarica, Radovan"]
[Black "Rakic, Tomislav"]
[Result "1/2-1/2"]
[WhiteElo "2430"]
[BlackElo "2380"]

1.e4 g6 2.d4 Bg7 3.Nc3 c6 4.Nf3 d6 5.Be3 Nf6 6.h3 O-O 7.a4 a5 8.Be2 Na6 9.O-O Nb4
10.Bf4 Qb6 11.Qd2 Re8 12.e5 dxe5 13.Bxe5 Bf5 14.Rac1 Rad8 15.Bc4 Nbd5 16.Nxd5 cxd5
17.Bb5 Bd7 18.Bxd7 Rxd7 19.c3 Ne4  1/2-1/2

[Event "Toronto op"]
[Site "Toronto"]
[Date "1995.??.??"]
[Round "8"]
[White "Rozentalis, Eduardas"]
[Black "Spraggett, Kevin"]
[Result "1/2-1/2"]
[WhiteElo "2600"]
[BlackElo "2520"]

1.e4 g6 2.d4 Bg7 3.Nc3 c6 4.Bc4 d6 5.Qf3 e6 6.Nge2 b5 7.Bd3 a6 8.h4 Nd7 9.h5 e5
10.d5 c5 11.Ng3 Nb6 12.a4 b4 13.Nd1 a5 14.Bb5+ Kf8 15.b3 Ra7 16.c3 Bh6 17.cxb4 axb4
18.Ne3 Kg7 19.O-O Nf6 20.Bc6 Rf8 21.Ra2  1/2-1/2

[Event "FRA-ch (Women)"]
[Site "Toulouse"]
[Date "1995.??.??"]
[Round "2"]
[White "Dubois, Martine"]
[Black "Bonvalot, Isabelle"]
[Result "0-1"]
[WhiteElo "2075"]
[BlackElo "2135"]

1.e4 g6 2.d4 Bg7 3.Nc3 c6 4.Nf3 d5 5.exd5 cxd5 6.Bf4 Bg4 7.Nb5 Na6 8.c3 Nf6
9.h3 Bd7 10.Ne5 O-O 11.Qc1 Re8 12.Bh6 Bh8 13.Qf4 Qb6 14.a4 Rac8 15.g4 Qe6
16.f3 Nc7 17.Kf2 Bxb5 18.axb5 Nd7 19.Nxd7 Qxd7 20.Ra5 e5 21.dxe5 Bxe5 22.Qd2 Ne6
23.b6 Qd8 24.Rxd5 Qh4+ 25.Kg1 Bb8 26.Be3 axb6 27.Bf2 Qf6 28.Bg2 Nf4 29.Bd4 Qe6
30.Rb5 Qa2 31.Bf1 Qb1 32.Rh2 Re1 33.Rf2 Nxh3+ 34.Kg2 Bf4 35.Qd3 Nxf2 36.Qxb1 Rxb1
37.Kxf2 Bc7 38.Bd3 Rd1 39.Be4 Ra8 40.Bxb7 Ra5 41.Rb4 Bf4 42.Be3 Bxe3+ 43.Kxe3 Re5+
44.Kf4 Re6 45.Ba6 Kg7 46.Bb7 h5 47.gxh5 gxh5 48.Rb5 Rf6+ 49.Kg3 h4+ 50.Kh2 Rd2+
51.Kh3 Rg6 52.Be4 Rh6 53.Rg5+ Kf8 54.b4 Rb2 55.b5 Ke7 56.c4 Rd2 57.Bd5 Kf6
58.Rg4 Rh7 59.Rf4+ Ke7 60.Re4+ Kd6 61.Re8 Rd4 62.Rb8 Kc5 63.Rc8+ Kb4 64.Rc6 Ka5
65.Rc7 Rg7 66.Ra7+ Kb4 67.Rxf7 Rg3+ 68.Kh2 Rd2+ 69.Kh1 h3 70.Rh7 h2  0-1

[Event "Trelew Clarin-GP"]
[Site "Trelew"]
[Date "1995.??.??"]
[Round "2"]
[White "Zarnicki, Pablo"]
[Black "Garcia, Raimundo"]
[Result "1-0"]
[WhiteElo "2570"]
[BlackElo "2395"]

1.e4 g6 2.d4 Bg7 3.Nc3 c6 4.Nf3 d6 5.Be2 Bg4 6.Be3 Bxf3 7.Bxf3 Nd7 8.O-O Ngf6
9.a4 a5 10.Qd2 O-O 11.Rad1 Qc7 12.h3 Rad8 13.b3 Rfe8 14.g4 Nb8 15.g5 Nfd7
16.Bg2 Qb6 17.f4 Qb4 18.f5 c5 19.Nd5 Qxd2 20.Rxd2 cxd4 21.Bxd4 Bxd4+ 22.Rxd4 Nc6
23.Rd2 Rc8 24.h4 Nb4 25.fxg6 hxg6 26.Bh3 e6 27.Rdf2 f5 28.gxf6 Kf7 29.c3 Nd3
30.Rg2 Rh8 31.Ne7 Rxc3 32.Nxg6 Rh6 33.Nh8+ Rxh8 34.Rg7+ Ke8 35.Bxe6 Nxf6
36.Rxf6 Nc5 37.Bf5 Rxh4 38.Bg6+  1-0

[Event "SVK-ch"]
[Site "Trencin"]
[Date "1995.??.??"]
[Round "5"]
[White "Betko, Lubomir"]
[Black "Franzen, Josef"]
[Result "1-0"]
[WhiteElo "2185"]
[BlackElo "2320"]

1.e4 g6 2.d4 Bg7 3.Nc3 c6 4.Nf3 d5 5.h3 Nf6 6.e5 Ne4 7.Nxe4 dxe4 8.Ng5 c5
9.c3 cxd4 10.Bc4 O-O 11.cxd4 b5 12.Bb3 Bb7 13.Bc2 e3 14.Bxe3 Bxg2 15.Rg1 Bd5
16.Nxh7 Kxh7 17.Qh5+ Kg8 18.Rxg6 fxg6 19.Bxg6 Rf6 20.exf6 exf6 21.O-O-O Na6
22.Rg1 Bxa2 23.Qh7+ Kf8 24.Bc2 Qc7 25.Rxg7 Qxg7 26.Bh6 Qxh6+ 27.Qxh6+ Ke7
28.b3 Nb4 29.Kb2 a5 30.Bf5 Rf8 31.Qf4  1-0

[Event "SVK-ch"]
[Site "Trencin"]
[Date "1995.??.??"]
[Round "6"]
[White "Manik, Mikulas"]
[Black "Betko, Lubomir"]
[Result "1-0"]
[WhiteElo "2380"]
[BlackElo "2185"]

1.e4 c6 2.Nc3 g6 3.d4 Bg7 4.Nf3 d6 5.h3 Nf6 6.a4 O-O 7.g3 Nbd7 8.Bg2 e5 9.O-O Qc7
10.Re1 Re8 11.Be3 Nb6 12.Qd3 Be6 13.b3 h6 14.Rad1 Rad8 15.Qd2 Kh7 16.a5 Nc8
17.d5 cxd5 18.exd5 Bd7 19.Ra1 Ng8 20.Na4 f5 21.c4 g5 22.Nc3 Nge7 23.Qc2 Ng6
24.Kh1 Rf8 25.a6 b5 26.cxb5 f4 27.Bd2 Bf5 28.Qc1 Qb6 29.Ra2 Nce7 30.gxf4 exf4
31.Qa3 Rfe8 32.Qa5 Nc8 33.Qxb6 Nxb6 34.Na4 Rxe1+ 35.Bxe1 Rb8 36.Bc3 Nxd5
37.Bxg7 Kxg7 38.Nd4 Nde7 39.Nxf5+ Nxf5 40.b6 axb6 41.a7 Re8 42.a8=Q  1-0

[Event "SVK-ch"]
[Site "Trencin"]
[Date "1995.??.??"]
[Round "9"]
[White "Petrik, Tomas"]
[Black "Betko, Lubomir"]
[Result "1/2-1/2"]
[WhiteElo "2130"]
[BlackElo "2185"]

1.e4 c6 2.d4 g6 3.Nc3 Bg7 4.f4 d5 5.e5 h5 6.Nf3 Bg4 7.Be2 Nh6 8.Be3 e6 9.Bf2 Nf5
10.h3 Bxf3 11.Bxf3 h4 12.Qd2 Nd7 13.O-O Bh6 14.Bg4 a6 15.Ne2 Bf8 16.b3 Qc7
17.c4 dxc4 18.bxc4 b5 19.d5 Nb6 20.dxe6 fxe6 21.Bxf5 gxf5 22.cxb5 axb5 23.Nd4 Qd7
24.Qc2 Nd5 25.Qxc6 Qxc6 26.Nxc6 Nxf4 27.Kh1 Bg7 28.Rfb1 Kd7 29.Nd4 Nd3 30.Bg1 Bxe5
31.Rxb5 Ra4 32.Rd1 Bxd4 33.Rxd3 Kc6 34.Bxd4 Rxd4 35.Rdb3 Re8 36.Rb6+ Kd5
37.R3b5+ Ke4 38.Rb4 e5 39.a4 Ra8 40.Rb1 Raxa4 41.R6b5 Kf4 42.Rf1+ Kg5 43.Rxe5 Rf4
44.Rxf4 Kxf4 45.Rb5  1/2-1/2

[Event "American op"]
[Site "USA"]
[Date "1995.??.??"]
[Round "7"]
[White "Seferjan, Narek"]
[Black "Hanken, Jerome B"]
[Result "1-0"]
[WhiteElo "2310"]
[BlackElo "2210"]

1.e4 g6 2.d4 Bg7 3.Nc3 c6 4.h3 b5 5.a3 a6 6.Be3 d6 7.f4 Nd7 8.Nf3 Bb7 9.Qd2 c5
10.Bd3 cxd4 11.Bxd4 Bxd4 12.Nxd4 Ngf6 13.O-O Qb6 14.Qf2 e5 15.Nb3 Qxf2+ 16.Rxf2 Nh5
17.Na5 Rb8 18.fxe5 dxe5 19.Nxb7 Rxb7 20.a4 bxa4 21.Nxa4 Ra7 22.Nc3 O-O 23.Rxa6 Rxa6
24.Bxa6 Nf4 25.Rd2 Nc5 26.Bc4 Rb8 27.b3 Kg7 28.Rd6 Nce6 29.Rd7 Ra8 30.Kh2 Nd8
31.Nb5 Nfe6 32.Nd6 Nf8 33.Rc7 Nfe6 34.Bxe6 Nxe6 35.Rxf7+ Kg8 36.Rf2 Ra2 37.Nc4 Nc5
38.Nxe5 Nxb3 39.Nd3 Na5 40.e5 Nc6 41.e6 Ra7 42.Rf4 Nd8 43.Re4 Kf8 44.c4  1-0

[Event "Val Thorens op"]
[Site "Val Thorens"]
[Date "1995.??.??"]
[Round "?"]
[White "Tavenard, Ludovic"]
[Black "Bolding, Klaus"]
[Result "0-1"]
[WhiteElo "1700"]
[BlackElo "2290"]

1.e4 g6 2.d4 Bg7 3.Nc3 c6 4.Be3 d6 5.Qd2 Nd7 6.f3 b5 7.Bd3 Qa5 8.Nce2 Qxd2+
9.Bxd2 Rb8 10.c3 h5 11.h4 Nb6 12.b3 Bd7 13.Rc1 e5 14.Be3 Bh6 15.Bxh6 Nxh6
16.Nh3 c5 17.dxc5 dxc5 18.Nf2 c4 19.bxc4 bxc4 20.Bc2 O-O 21.O-O f5 22.Rfd1 f4
23.Rb1 Nf7 24.Kf1 Ba4 25.Bxa4 Nxa4 26.Nh3 Nb2 27.Rd2 Nd3 28.Rxb8 Rxb8 29.Nf2 Nc5
30.Ke1 a5 31.Rd5 Rb1+ 32.Nd1 Nd3+ 33.Kd2 a4 34.Ra5 Ra1  0-1

[Event "Velden op"]
[Site "Velden"]
[Date "1995.??.??"]
[Round "1"]
[White "Mahdi, Khaled"]
[Black "Di Lazzaro, Gabriele"]
[Result "1-0"]
[WhiteElo "2425"]
[BlackElo "2115"]

1.e4 g6 2.d4 Bg7 3.Nc3 c6 4.Nf3 d6 5.h3 Nd7 6.a4 b6 7.Bc4 e6 8.Bf4 Qc7 9.Qd2 Bb7
10.O-O Ngf6 11.Rfe1 e5 12.Bh2 O-O 13.Rad1 Rad8 14.Ba2 a6 15.Qg5 Rfe8 16.dxe5 dxe5
17.Nxe5 Nxe5 18.Rxd8 Nf3+ 19.gxf3 Qxd8 20.Rd1 Qe7 21.e5 Qc5 22.Qe3 Qb4 23.Qd4 Qxd4
24.Rxd4 Nh5 25.Rd7 Bc8 26.Bxf7+ Kf8 27.Bxe8 Kxe8 28.Rc7 Bxh3 29.Rxc6 b5 30.Rxa6 bxa4
31.Rxa4 Bf5 32.Ne4 Kd7 33.c4 Bf8 34.b4 Ng7 35.Ra7+ Kd8 36.Nd6 Bd3 37.c5 h6
38.c6 Ne6 39.Rd7+  1-0

[Event "Vienna op-B"]
[Site "Vienna"]
[Date "1995.??.??"]
[Round "7"]
[White "Simon, Walter"]
[Black "Boehm, G."]
[Result "1-0"]
[WhiteElo "2030"]
[BlackElo "1935"]

1.d4 g6 2.e4 Bg7 3.Nc3 c6 4.Bc4 d6 5.Be3 Nf6 6.f3 d5 7.exd5 cxd5 8.Bb3 Nc6
9.Nge2 O-O 10.Qd2 Re8 11.O-O-O a6 12.g4 e6 13.h4 Na5 14.h5 Nc4 15.Bxc4 dxc4
16.hxg6 fxg6 17.Ng3 b5 18.Qh2 Qe7 19.g5 Nd5 20.Qxh7+ Kf7 21.Rh6 Nxe3 22.Rxg6 Kf8
23.Nh5 Ra7 24.Rxg7 Qxg7 25.Nxg7 Rxg7 26.Qh8+ Kf7 27.Qh5+ Rg6 28.Qh7+ Rg7
29.g6+ Kf8 30.Qh8+ Rg8 31.Qf6+  1-0

[Event "Vienna op"]
[Site "Vienna"]
[Date "1995.??.??"]
[Round "7"]
[White "Roth, Peter"]
[Black "Mahdi, Khaled"]
[Result "1-0"]
[WhiteElo "2315"]
[BlackElo "2425"]

1.e4 g6 2.d4 Bg7 3.Nc3 c6 4.Bc4 d6 5.Qf3 e6 6.Nge2 Ne7 7.Bb3 a5 8.a4 d5 9.Bf4 Nd7
10.O-O-O O-O 11.h4 h6 12.Qg3 dxe4 13.Bc7 Qe8 14.Nxe4 Nf6 15.Nxf6+ Bxf6 16.h5 g5
17.f4 Nf5 18.Qf3 b5 19.g4 bxa4 20.Bxa4 Qe7 21.fxg5 Bxg5+ 22.Bf4 Nxd4 23.Nxd4 e5
24.Nxc6 Qf6 25.Kb1 exf4 26.Rd5 Be6 27.Rxa5 Rxa5 28.Nxa5 Qe5 29.Nc6 Qe3 30.Rf1 Qc5
31.Rd1 Rc8 32.Nd4 Bd5 33.Qd3 Bc4 34.Qf5 Qxf5 35.gxf5 Bf6 36.c3 Rd8 37.Nf3 Rb8
38.Nd4 Rd8 39.Bc6 Kf8  1-0